| 000 | 00478nam a2200181 a 4500 | ||
|---|---|---|---|
| 005 | 20250322063754.0 | ||
| 008 | 991125s1944 was 000 0 spa u | ||
| 035 | _aUPN01000017811 | ||
| 049 | _aCG | ||
| 050 | 4 | _aLC191 E38 | |
| 245 | 0 | 0 | _aEducación para una sociedad libre |
| 260 |
_aWashington, D.C. : _bUnión Panamericana, _c1944 |
||
| 300 | _a21 p. | ||
| 440 | 3 |
_aLa educación; _v126 |
|
| 650 | 4 |
_aEducación y sociedad _96876 |
|
| 904 |
_aAC _b017812 |
||
| 905 | _aLibro | ||
| 999 |
_c17811 _d17811 |
||